000
00262nam a22001217a 4500
008
170601b xxu||||| |||| 00| 0 eng d
041
_a
eng
080
_a
93
100
_a
17
101
_a
SHH
245
_a
THE PYRAMIDS AND SPHINX
_c
STEWART, D
942
_2
udc
_c
BK
999
_c
15242
_d
15242